LEADER 00683naa a2200157 i 4500 001 000000294869 003 CaOOAMICUS 005 20180831172515.0 008 180831n xx u000 u und u 013 $a2146 040 $aSeMil$bita 100 1 $a?pidlík, Thomá?,$c.$0(OLS)http://semarc/name/5014 245 10$aTratti salienti della spiritualitŕ slava ; Sintesi. p. 81-101, 277-282. 650 4$aSlavi.$0(OLS)http://semarc/subject/4144 773 0 $tStoria religiosa dei popoli balcanici.$dMilano : La Casa di Matriona, copyr. 1983.$kRicerche$w()34607 996 $6245$aTratti salienti della spiritualitŕ slava ; Sintesi. p. 81-101, 277-282.$9(OLS)http://semarc/title/370935 LEADER 01184nam a2200277 i 4500 001 000000256563 003 CaOOAMICUS 005 20180108000000.0 008 180108s1972 it u000 u ita u 013 $a235471 040 $aSeMil$bita 100 1 $aAntoni, Carlo <1896-1959>.$0(OLS)http://semarc/name/15214 245 12$aL'esistenzialismo di M. Heidegger /$cCarlo Antoni ; [edizione curata da Michele Biscione]. 260 $aNapoli :$bGuida,$c1972. 300 $a278 p. ;$c22 cm. 490 0 $aBiblioteca di saggistica ;$v9. 500 $aIn appendice: L'idea dell'esistenza in Hegel. 600 14$aHeidegger, Martin <1889-1976>.$0(OLS)http://semarc/subject/986 650 4$aEsistenzialismo - Filosofia.$0(OLS)http://semarc/subject/5568 700 1 $aBiscione, Michele.$0(OLS)http://semarc/name/34750 830 0$aBiblioteca di saggistica ;$v9.$0(OLS)http://semarc/title/20175 850 $aSeMil 852 $aSeMil$W1$xVenegono$y1$m2P III 309$j206909$B206909$CSeMilBibl$Z2$F220621 $81 961 $aOmaggio: Altro 996 $6245$aL'esistenzialismo di M. Heidegger$9(OLS)http://semarc/title/107803 996 $6260$aNapoli :$bGuida$9(OLS)http://semarc/publisher/31216